<?xml version="1.0" encoding="UTF-8"?>
<record
    xmlns:xsi="http://www.w3.org/2001/XMLSchema-instance"
    xsi:schemaLocation="http://www.loc.gov/MARC21/slim http://www.loc.gov/standards/marcxml/schema/MARC21slim.xsd"
    xmlns="http://www.loc.gov/MARC21/slim">

  <leader>00803nam a22001937a 4500</leader>
  <controlfield tag="005">20240506150126.0</controlfield>
  <datafield tag="010" ind1=" " ind2=" ">
    <subfield code="a">HIN-127480</subfield>
  </datafield>
  <datafield tag="020" ind1=" " ind2=" ">
    <subfield code="a">9789350027813</subfield>
    <subfield code="c">350.00</subfield>
  </datafield>
  <datafield tag="035" ind1=" " ind2=" ">
    <subfield code="a">HN-99826</subfield>
  </datafield>
  <datafield tag="037" ind1=" " ind2=" ">
    <subfield code="b">DBAD </subfield>
  </datafield>
  <datafield tag="082" ind1=" " ind2=" ">
    <subfield code="a">338.1</subfield>
  </datafield>
  <datafield tag="100" ind1=" " ind2=" ">
    <subfield code="a">&#x92D;&#x93E;&#x926;&#x941;&#x921;&#x940;, &#x905;&#x92E;&#x93F;&#x924;</subfield>
    <subfield code="9">65781</subfield>
  </datafield>
  <datafield tag="245" ind1=" " ind2=" ">
    <subfield code="a">&#x915;&#x93F;&#x938;&#x93E;&#x928; &#x906;&#x902;&#x926;&#x94B;&#x932;&#x928;:</subfield>
    <subfield code="c">&#x92C;&#x926;&#x932;&#x93E;&#x935; &#x915;&#x940; &#x930;&#x93E;&#x91C;&#x928;&#x940;&#x924;&#x93F; &#x915;&#x93E;  &#x909;&#x92D;&#x930;&#x924;&#x93E; &#x91A;&#x947;&#x939;&#x930;&#x93E;/</subfield>
    <subfield code="b">&#x905;&#x92E;&#x93F;&#x924; &#x92D;&#x93E;&#x926;&#x941;&#x921;&#x940; </subfield>
  </datafield>
  <datafield tag="250" ind1=" " ind2=" ">
    <subfield code="a">&#x92A;&#x94D;&#x930;&#x925;&#x92E;</subfield>
  </datafield>
  <datafield tag="260" ind1=" " ind2=" ">
    <subfield code="a">&#x926;&#x93F;&#x932;&#x94D;&#x932;&#x940;</subfield>
    <subfield code="b">&#x906;&#x915;&#x93E;&#x930; &#x92C;&#x941;&#x915;&#x94D;&#x938;</subfield>
    <subfield code="c">2022</subfield>
  </datafield>
  <datafield tag="270" ind1=" " ind2=" ">
    <subfield code="a">28 &#x908;, &#x92A;&#x949;&#x915;&#x947;&#x91F; IV, &#x92E;&#x92F;&#x942;&#x930; &#x935;&#x93F;&#x939;&#x93E;&#x930; &#x92B;&#x947;&#x91C;&#x93C; I</subfield>
    <subfield code="b">&#x926;&#x93F;&#x932;&#x94D;&#x932;&#x940;</subfield>
    <subfield code="e">110091</subfield>
  </datafield>
  <datafield tag="300" ind1=" " ind2=" ">
    <subfield code="a">120&#x92A;&#x943;.</subfield>
    <subfield code="c">22&#x938;&#x947;&#x92E;&#x940;(&#x938;&#x91C;&#x93F;&#x932;&#x94D;&#x926;)</subfield>
  </datafield>
  <datafield tag="942" ind1=" " ind2=" ">
    <subfield code="2">ddc</subfield>
    <subfield code="c">HN</subfield>
    <subfield code="h">338.1</subfield>
    <subfield code="m">&#x92D;&#x93E;&#x926;&#x941;&#x921;&#x940;</subfield>
  </datafield>
  <datafield tag="999" ind1=" " ind2=" ">
    <subfield code="c">202333</subfield>
    <subfield code="d">202333</subfield>
  </datafield>
  <datafield tag="952" ind1=" " ind2=" ">
    <subfield code="0">0</subfield>
    <subfield code="1">0</subfield>
    <subfield code="4">0</subfield>
    <subfield code="7">0</subfield>
    <subfield code="8">NFIC</subfield>
    <subfield code="a">AV</subfield>
    <subfield code="b">AV</subfield>
    <subfield code="d">2024-04-30</subfield>
    <subfield code="e">DBAD</subfield>
    <subfield code="g">350.00</subfield>
    <subfield code="l">0</subfield>
    <subfield code="o">338.1 &#x92D;&#x93E;&#x926;&#x941;&#x921;&#x940;</subfield>
    <subfield code="p">HN-99826</subfield>
    <subfield code="r">2024-04-30 00:00:00</subfield>
    <subfield code="t">1</subfield>
    <subfield code="v">350.00</subfield>
    <subfield code="w">2024-04-30</subfield>
    <subfield code="y">HN</subfield>
  </datafield>
</record>
